Концепт "обладание" в английской лингвокультуре; Молодой ученый; № 3 (83)

Xehetasun bibliografikoak
Parent link:Молодой ученый: ежемесячный научный журнал.— , 2008-
№ 3 (83).— 2015.— [С. 969-972]
Egile nagusia: Сенцов А. Э. Аркадий Эдуардович
Erakunde egilea: Национальный исследовательский Томский политехнический университет (ТПУ) Институт неразрушающего контроля (ИНК) Кафедра иностранных языков Института неразрушающего контроля (ИЯНК)
Gaia:Заглавие с экрана
Режим доступа: по договору с организацией-держателем ресурса
Hizkuntza:errusiera
Argitaratua: 2015
Saila:Филология
Gaiak:
Sarrera elektronikoa:http://www.moluch.ru/archive/83/15373/
http://elibrary.ru/item.asp?id=22924000
Formatua: Baliabide elektronikoa Liburu kapitulua
KOHA link:https://koha.lib.tpu.ru/cgi-bin/koha/opac-detail.pl?biblionumber=642477

MARC

LEADER 00000nla0a2200000 4500
001 642477
005 20250204162715.0
035 |a (RuTPU)RU\TPU\network\7434 
035 |a RU\TPU\network\7421 
090 |a 642477 
100 |a 20150625d2015 k||y0rusy50 ca 
101 0 |a rus 
102 |a RU 
135 |a drcn ---uucaa 
181 0 |a i  
182 0 |a b 
200 1 |a Концепт "обладание" в английской лингвокультуре  |f А. Э. Сенцов 
203 |a Текст  |c электронный 
225 1 |a Филология 
300 |a Заглавие с экрана 
320 |a [Библиогр.: с. 972 (9 назв.)] 
333 |a Режим доступа: по договору с организацией-держателем ресурса 
461 |t Молодой ученый  |o ежемесячный научный журнал  |d 2008- 
463 |t № 3 (83)  |v [С. 969-972]  |d 2015 
610 1 |a электронный ресурс 
610 1 |a труды учёных ТПУ 
610 1 |a концепт "обладание" 
610 1 |a концепты 
610 1 |a корневые группы 
610 1 |a лексические группы 
610 1 |a семантические поля 
700 1 |a Сенцов  |b А. Э.  |c лингвист  |c доцент Томского политехнического университета, кандидат политических наук  |f 1983-  |g Аркадий Эдуардович  |3 (RuTPU)RU\TPU\pers\27933 
712 0 2 |a Национальный исследовательский Томский политехнический университет (ТПУ)  |b Институт неразрушающего контроля (ИНК)  |b Кафедра иностранных языков Института неразрушающего контроля (ИЯНК)  |3 (RuTPU)RU\TPU\col\18721 
801 2 |a RU  |b 63413507  |c 20151009  |g RCR 
856 4 0 |u http://www.moluch.ru/archive/83/15373/ 
856 4 0 |u http://elibrary.ru/item.asp?id=22924000 
942 |c CF